01209nam a2200193Ia 4500001001000000003001000010008004100020040002500061041001400086100002700100245010900127250001100236260007700247300002900324500026200353501011400615520026200729650002400991L230-5720IT-CnALBA170116s9999||||xx |||||||||||||| ||und|| aIT-CnALBAcIT-CnALBA aFRANCESE  aBARTMANN DR. BERNHARD. 0aPRECIS DE THEOLOGIE DOGMATIQUE. TOME I. PRINCIPES FORMEIS. DIEU. TRINITÈ. LA CREATION. LA REDEMPTION.  a2a ed. a MULHOUSEbEDITIONS SALVATOR c1935 [1° Ed.: - Ed.Ling.Originale: 1932] a492 p. (prefazione: 710) aTRADUZIONE DAL TEDESCO DI GAUTIER MARCEL. INDICE ANLITICO. DOGMATICA E DOGMA. PRINCIPI DELLA DOGMATICA. METODOLOGIA. STORIA DELLA DOGMATICA. UNITÀ DI DIO. CONOSCENZA NATURALE E SOPRANNATURALE. RIVELAZIONE DI DIO. ATTRIBUTI DI DIO. DOGMA TRINITARIO. ERESIE aSocietà San Paolo EM - Piazza San Paolo, 14 - 12051 ALBA (CN) (non commercial uses only) ® Copyright 2017 aTRADUZIONE DAL TEDESCO DI GAUTIER MARCEL. INDICE ANLITICO. DOGMATICA E DOGMA. PRINCIPI DELLA DOGMATICA. METODOLOGIA. STORIA DELLA DOGMATICA. UNITÀ DI DIO. CONOSCENZA NATURALE E SOPRANNATURALE. RIVELAZIONE DI DIO. ATTRIBUTI DI DIO. DOGMA TRINITARIO. ERESIE aDOGMATICA CRISTIANA